Azərbaycan Teatrı (Record no. 426)

MARC details
000 -LEADER
fixed length control field 01563nam a22003737a 4500
003 - CONTROL NUMBER IDENTIFIER
control field OSt
005 - DATE AND TIME OF LATEST TRANSACTION
control field 20260512115122.0
008 - FIXED-LENGTH DATA ELEMENTS--GENERAL INFORMATION
fixed length control field 260512b |||||||| |||| 00| 0 aze d
020 ## - INTERNATIONAL STANDARD BOOK NUMBER
International Standard Book Number 9789952520965
040 ## - CATALOGING SOURCE
Original cataloging agency AZ-XaKU
Language of cataloging aze
Transcribing agency AZ-XaKU
041 ## - LANGUAGE CODE
Language code of text/sound track or separate title aze
050 04 - LIBRARY OF CONGRESS CALL NUMBER
Classification number PN2918 .Ag . R1293 .T3408 2018
100 1# - MAIN ENTRY--PERSONAL NAME
Personal name Rəhimli, İlham,
Titles and words associated with a name professor,
Dates associated with a name 1949 - ,
Relator term müəllif.
245 1# - TITLE STATEMENT
Title Azərbaycan Teatrı
Statement of responsibility, etc. / İlham Rəhimli
264 ## - PRODUCTION, PUBLICATION, DISTRIBUTION, MANUFACTURE, AND COPYRIGHT NOTICE
Place of production, publication, distribution, manufacture Bakı:
Name of producer, publisher, distributor, manufacturer TEAS Press nəşriyyat evi,
Date of production, publication, distribution, manufacture, or copyright notice 2018.
300 ## - PHYSICAL DESCRIPTION
Extent 912 səhifə ;
Other physical details şəkilli ;
Dimensions 21 sm.
336 ## - CONTENT TYPE
Content type term text
Content type code txt
Source rdacontent
337 ## - MEDIA TYPE
Media type term unmediated
Media type code n
Source rdamedia
338 ## - CARRIER TYPE
Carrier type term volume
Carrier type code nc
Source rdacarrier
500 ## - GENERAL NOTE
General note İki əsrlik sıhnə tariximiz bir kitabda
504 ## - BIBLIOGRAPHY, ETC. NOTE
Bibliography, etc. note Biblioqrafiya: səh. 902-903
505 0# - Formatted Contents Note
Formatted contents note I Hissə. Meydan teatrı -- II Hissə. Peşakar teatrın təşəkkülü və inkişaf mərhələləri -- Musiqili teatrların yaranması -- III Hissə. Teatrlar dövlət təsisatında -- IV Hissə. Mövzu, janr və üslub axtarışları -- V Hissə. Kukla teatrları -- VI Hissə. Bərpaa olunan teatrlar -- VII Hissə. Yeni teatrlar -- VIII Hissə. Teatrşünaslığın təşəkkülü və təkamülü
521 ## - TARGET AUDIENCE NOTE
Target audience note Ümumi oxucu kütləsi
546 ## - LANGUAGE NOTE
Language note aze
600 ## - SUBJECT ADDED ENTRY--PERSONAL NAME
Source of heading or term AZ-XaKU
650 #7 - SUBJECT ADDED ENTRY--TOPICAL TERM
Topical term or geographic name entry element Teatr
Source of heading or term AZ-XaKU
655 ## - INDEX TERM--GENRE/FORM
Genre/form data or focus term Tarixi oçerklər
700 1# - ADDED ENTRY--PERSONAL NAME
Personal name Vəliyev, Ədalət,
Relator term Elmi redaktor.
700 1# - ADDED ENTRY--PERSONAL NAME
Personal name Əlizadə, Məryəm,
Relator term redaktor.
700 1# - ADDED ENTRY--PERSONAL NAME
Personal name Sadıqov, Rafiq,
Relator term redaktor.
700 1# - ADDED ENTRY--PERSONAL NAME
Personal name Talıbzadə, Aydın,
Relator term redaktor.
942 ## - ADDED ENTRY ELEMENTS (KOHA)
Koha item type Book
Holdings
Withdrawn status Lost status Source of classification or shelving scheme Damaged status Not for loan Collection Home library Current library Date acquired Total checkouts Full call number Barcode Date last seen Copy number Price effective from Koha item type
    Library of Congress Classification     Fine Arts Collection Karabakh University Main Library Karabakh University Art Library 05/12/2026   PN2918 .Ag . R1293 .T3408 2018 0000001201 05/12/2026 1 05/12/2026 Book